Garnizony austriackie na obecnych ziemiach polskich - Statystyki

Ogólne statystyki
  • Ten quiz został rozwiązany 13 razy
  • Średni wynik to 10 z 16
Statystyki odpowiedzi
Hint Odpowiedź % Poprawnych
K Kraków
100%
R Rzeszów
92%
T Tarnów
92%
P Przemyśl
85%
N Nowy Sącz
77%
B Bochnia
69%
D Dębica
69%
J Jarosław
62%
S Sanok
62%
W Wadowice
62%
B Bielsko
46%
Ł Łańcut
46%
L Lubaczów
46%
C Cieszyn
38%
N Nisko
31%
R Radymno
15%
Nie znaleziono quizów pasujących do podanych kryteriów
Rozkład punktacji
Procent ludzi z każdym wynikiem
Percentyl według liczby udzielonych odpowiedzi
Twoja historia wyników
Nie rozwiązałeś tego quizu